Central Library OPAC University of Rajshahi

Oceanography : (Record no. 70960)

MARC details
000 -LEADER
fixed length control field 00819nam a2200265 a 4500
001 - CONTROL NUMBER
control field 70960
003 - CONTROL NUMBER IDENTIFIER
rucl marc code BD-RJUL
005 - DATE AND TIME OF LATEST TRANSACTION
control field 20211209082049.0
008 - FIXED-LENGTH DATA ELEMENTS--GENERAL INFORMATION
fixed length control field 170417s1965 nyuab b 001 0 engdd
035 ## - SYSTEM CONTROL NUMBER
System control number (BD-RJUL)71174
040 ## - CATALOGING SOURCE
Original cataloging agency DLC
Transcribing agency OOrrW
Modifying agency *SER*
-- CU-SB
-- CStRLIN
-- BD-RJUL
Language of cataloging eng
041 ## - LANGUAGE CODE
Language code of text/sound track or separate title eng
082 ## - DEWEY DECIMAL CLASSIFICATION NUMBER
Classification number 551.46
Edition number 23
Author mark and year YAO 1965
090 ## - LOCALLY ASSIGNED LC-TYPE CALL NUMBER (OCLC); LOCAL CALL NUMBER (OCLC)
Classification number (OCLC) (R) ; Classification number, CALL (RLIN) (NR) GC21
Local cutter number (OCLC) ; Book number/undivided call number, CALL (RLIN) .Y3 1965
100 1# - MAIN ENTRY--PERSONAL NAME
Personal name Yasso, Warren E.
9 (RLIN) 209982
245 10 - TITLE STATEMENT
Title Oceanography :
Remainder of title a study of inner space /
Statement of responsibility, etc. Warren E. Yasso
260 ## - PUBLICATION, DISTRIBUTION, ETC. (IMPRINT)
Place of publication, distribution, etc. New York :
Name of publisher, distributor, etc. Holt, Rinehart & Winston,
Date of publication, distribution, etc. c1965.
300 ## - PHYSICAL DESCRIPTION
Pagination 176 p. :
Illustrations ill. ;
Size 22 cm
490 1# - SERIES STATEMENT
Series statement Holt library of science series
504 ## - BIBLIOGRAPHY, ETC. NOTE
Bibliography, etc Bibliography: p. 165-166 & Index.
650 #0 - SUBJECT ADDED ENTRY--TOPICAL TERM
Topical term or geographic name as entry element Oceanography
9 (RLIN) 209983
830 #0 - SERIES ADDED ENTRY--UNIFORM TITLE
Uniform title Holt library of science series
942 ## - ADDED ENTRY ELEMENTS (KOHA)
Source of classification or shelving scheme Dewey Decimal Classification
Koha item type Books
Holdings
Lost status Source of classification or shelving scheme Damaged status Not for loan Collection code Permanent Location Current Location Shelving location Date acquired Source of acquisition Total Checkouts Full call number Date last seen Copy number Koha item type
  Dewey Decimal Classification   Not For Loan Non-fiction Central Library, University of Rajshahi Central Library, University of Rajshahi Reading Room 19/09/1970 Zetlinger   551.46 YAO 1965 23/04/2017 C-1 Books
  Dewey Decimal Classification     Non-fiction Central Library, University of Rajshahi Central Library, University of Rajshahi   09/12/2021 Zeitlinger   551.46 YAO 1965 04/12/2018 C-2 Books